Irrigation engineering and hydraulic structure (Record no. 187268)
[ view plain ]
| 000 -LEADER | |
|---|---|
| fixed length control field | 00383nam a2200133Ia 4500 |
| 008 - FIXED-LENGTH DATA ELEMENTS--GENERAL INFORMATION | |
| fixed length control field | 220217s9999||||xx |||||||||||||| ||und|| |
| 020 ## - INTERNATIONAL STANDARD BOOK NUMBER | |
| International Standard Book Number | 9788174090479 |
| 082 ## - DEWEY DECIMAL CLASSIFICATION NUMBER | |
| Classification number | 627 GAR |
| 100 ## - MAIN ENTRY--PERSONAL NAME | |
| Personal name | Garg, Santosh Kumar |
| 245 #0 - TITLE STATEMENT | |
| Title | Irrigation engineering and hydraulic structure |
| 260 ## - PUBLICATION, DISTRIBUTION, ETC. | |
| Place of publication, distribution, etc. | Khanna publishers |
| Name of publisher, distributor, etc. | New Delhi |
| Date of publication, distribution, etc. | 2016 |
| 300 ## - PHYSICAL DESCRIPTION | |
| Extent | XLIII, 1291p. |
| Other physical details | 515 |
| 650 ## - SUBJECT ADDED ENTRY--TOPICAL TERM | |
| Topical term or geographic name entry element | IRRIGATION |
| Withdrawn status | Lost status | Damaged status | Not for loan | Collection code | Home library | Current library | Date acquired | Total Checkouts | Full call number | Barcode | Date last seen | Date last checked out | Price effective from | Koha item type |
|---|---|---|---|---|---|---|---|---|---|---|---|---|---|---|
| Civil Engineering | Central Library | Central Library | 02/18/2022 | 1 | 627 GAR | 22457 | 07/18/2023 | 05/26/2023 | 02/18/2022 | Books |